00517 2200205 4500001002100000008004100021035002000062245006400082100002400146250000600170260004100176300001100217084001400228082000800242650001300250990001200263990001200275990001200287990001200299INLIS000000000000704 ind  a0010-0424000680 aMenggambar Teknik 2D Dengan CADcNur Muhammad Sidiq, S.Pd.T aMuhammad Sidiq, Nur a1 aYogyakarta :bCitra Aji Paramac2010 a84 hlm a600 NUR m a600 aNonfiksi a0721896 a0721897 a0721898 a0721899